Reading assessment and instruction for all learners / (Record no. 17396)

000 -LEADER
fixed length control field 00742cam a22002174a 4500
020 ## - INTERNATIONAL STANDARD BOOK NUMBER
ISBN 1593852916 (alk. paper)
020 ## - INTERNATIONAL STANDARD BOOK NUMBER
ISBN 9781593852900 (paper : alk. paper)
020 ## - INTERNATIONAL STANDARD BOOK NUMBER
ISBN 1593852908 (alk. paper)
020 ## - INTERNATIONAL STANDARD BOOK NUMBER
ISBN 9781593852917 (cloth : alk. paper)
040 ## - CATALOGING SOURCE
Transcribing agency DLC
082 00 - DEWEY DECIMAL CLASSIFICATION NUMBER
Classification number 372 GUI 2006 A113 Or.
245 00 - TITLE STATEMENT
Title Reading assessment and instruction for all learners /
260 ## - PUBLICATION, DISTRIBUTION, ETC. (IMPRINT)
Place of publication New York, NY :
Name of publisher Guilford Press,
Year of publication 2006.
300 ## - PHYSICAL DESCRIPTION
Number of Pages xvi, 576 p. :
Other physical details ill. ;
Dimensions 26 cm.
650 #0 - SUBJECT ADDED ENTRY--TOPICAL TERM
Topical Term Reading (Elementary)
650 #0 - SUBJECT ADDED ENTRY--TOPICAL TERM
Topical Term Reading teachers
700 1# - ADDED ENTRY--PERSONAL NAME
Personal name Schumm, Jeanne Shay,
856 41 - ELECTRONIC LOCATION AND ACCESS
Uniform Resource Identifier http://www.loc.gov/catdir/toc/ecip061/2005028087.html
856 42 - ELECTRONIC LOCATION AND ACCESS
Uniform Resource Identifier http://www.loc.gov/catdir/enhancements/fy0642/2005028087-b.html
942 ## - ADDED ENTRY ELEMENTS (KOHA)
Koha item type សៀវភៅភាសាអង់គ្លេស
952 ## - LOCATION AND ITEM INFORMATION (KOHA)
Withdrawn status [LOCAL, KOHA] 0
Holdings
Permanent Location Date acquired Koha item type Lost status Shelving location Barcode Current Location Full call number
Library Block A2018-11-20សៀវភៅភាសាអង់គ្លេស A113A36094Library Block A372 GUI 2006 A113 Or.
មជ្ឈមណ្ឌលឯការនៃសាកលវិទ្យាល័យភូមិន្ទកសិកម្មចំការដូង

Powered by Koha